|
|
|
|
| LEADER |
01301nam a2200313 a 4500 |
| 001 |
4623 |
| 003 |
BD-DhAAL |
| 005 |
20150627093710.0 |
| 008 |
150627s1992 ctu b 001 0 eng |
| 010 |
|
|
|a 92006424
|
| 020 |
|
|
|a 156549010X (alk. paper)
|
| 020 |
|
|
|a 1565490096 (pbk. : alk. paper)
|
| 040 |
|
|
|a DLC
|c DLC
|d DLC
|d BD-DhAAL
|
| 050 |
0 |
0 |
|a HC130.E44
|b C37 1992
|
| 082 |
0 |
0 |
|a 338.98
|2 20
|
| 100 |
1 |
|
|a Carroll, Thomas F.
|9 12465
|
| 245 |
1 |
0 |
|a Intermediary NGOs :
|b the supporting link in grassroots development /
|c Thomas F. Carroll.
|
| 260 |
|
|
|a West Hartford, Conn. :
|b Kumarian Press,
|c 1992.
|
| 300 |
|
|
|a xiv, 274 p. ;
|c 24 cm.
|
| 490 |
|
|
|a Kumarian Press library of management for development
|
| 504 |
|
|
|a Includes bibliographical references and index.
|
| 541 |
|
|
|e 4623
|
| 650 |
|
0 |
|a Economic development projects
|z Latin America.
|9 12466
|
| 650 |
|
0 |
|a Economic development projects
|z Latin America
|x Case studies.
|9 12467
|
| 650 |
|
0 |
|a Non-governmental organizations
|z Latin America.
|9 12468
|
| 650 |
|
0 |
|a Non-governmental organizations
|z Latin America
|x Case studies.
|9 12469
|
| 942 |
|
|
|2 ddc
|c BK
|
| 999 |
|
|
|c 34842
|d 34842
|
| 952 |
|
|
|0 0
|1 0
|2 ddc
|4 0
|6 338_980000000000000_CAR
|7 0
|9 54520
|a SCL
|b SCL
|c GEN
|d 2015-06-27
|e Gift: The British Council
|l 0
|o 338.98 CAR
|p 3020004623
|r 2015-06-27
|t 1
|w 2015-06-27
|y BK
|